Регионална библиотека "Любен Каравелов" - Русе

Тракийска низина (Запис номер 376228)

MARC детайли
000 -Лидер
Контролно поле с фиксирана дължина 01467nam a2200361 c 4500
003 - Код на организацията, давaща контролен номер
Контролно поле BLK
005 - Дата и час на последна редакция
Контролно поле 20230406125606.0
008 - Елементи от данни с фиксирана дължина
fixed length control field 200311b bul|||||r ||||||| ||bul||
040 ## - Източник на каталожния запис
Идентификатор на билиотеката - собственик на записа BLK
041 ## - Код за език
Код за езика на текст/звукозапис или на отделно заглавие Български
Код за езика КДБФ Български
080 ## - УДК
Текстов определител УДК Физическа география
УДК код - определител по УДК 911.2
УДК определител (497.2)
УДК - код + определител 911.2(497.2)
100 ## - Редна дума - Автор
Автор Йорданов, Тянко Колев
Дати, свързани с автора 1914-2004
Автор - информация (биография) Географ
R(LIN) 73960
139 ## - Редно поле
Редна дума Йорданов, Тянко Колев и др.
245 10 - Сведения за заглавието
Заглавие Тракийска низина
Подзаглавни данни Стопанскогеогр. характеристика
Редно поле (дума) Тянко Йорданов, Вельо Генчев Велев
257 ## - Страна на издаване
Страна на създаване/издаване България
260 ## - Област на издателските данни
Място на издаване, разпространение и проч. София
Име на издателя, разпространителя и проч. Наука и изкуство
Година на издаване 1956
300 ## - Физическа характеристика
Страници 226 с.
Илюстрации и др. с ил.
Размери/Мащаб 18 см
Съпровождащи материали 3 л. к.
380 ## - Жанр
Жанр География
490 1# - СЕРИИ (Колекции)
Име на серия Библиотека Научно-популярно географско четиво
500 ## - Общи забележки
Забележка 2 063 тир. 3.40 лв.
650 #4 - Допълнително описание по предмет – тема
Основно описание – тема или топоним Тракийска низина
9 (RLIN) 419430
700 1# - Други автори (авторска отговорност)
Лично име Велев, Вельо Генчев
Автороска отговорност (Описва отношението между автора и произведението) съавт.
9 (RLIN) 419431
852 ## - Местоположение
Форматна сигнатура Цб І 243
Фондова буква Хранилище
856 4# - Електронен адрес и достъп
Електронен формат pdf - файл
Път до файла /url/
856 4# - Електронен адрес и достъп
Електронен формат pdf - файл
Път до файла /url/
999 ## - СИСТЕМНИ КОНТРОЛНИ НОМЕРА
Koha biblionumber 376228
Koha biblioitemnumber 376228
942 ## - АРТИКУЛИ
Вид на библиотечния материал Книги
Скрит в OPAC Не
Периодичен библиозапис Да
944 ## - СЪЗДАВАНЕ И РЕДАКЦИЯ на ЗАПИСА
Създаване/Редакция Създаване
Дата на регистрацията/редакция 2020-07-21
Служител, извършил регистрацията/редакцията НР
Наличности
Код за отписване Код за изгубен артикул Източник на класификационната схема Код за повреда Коз за рестрикции Код за отдаване Артикулен № Име на библиотеката - собственик Име на библиотеката, в която се намира в момента Статус (Текущо местоположение) Дата на вписване в системата Местоположение - отдел Цена в лева Инвентарен номер Систематично азбучна сигнатура Баркод Цена в евро Служебен тип на артикула
  Не е изгубен Universal Decimal Classification Не е повреден без рестрикции ползва се в читалня 785524 Регионална библиотека "Любен Каравелов" Русе Регионална библиотека "Любен Каравелов" Русе Хранилище 2020-07-23 Хранилище 0.34 6123/56 Цб І 243 900000020417 0.17 Книги
Vip Innovations Ltd, Rousse, Bulgaria 2025